12 Greek Gods and Godesses - Statistics

General Stats
  • This quiz has been taken 49 times
  • The average score is 10 of 12
Answer Stats
Hint Answer % Correct
Poseidon Seas and Earthquakes
92%
Demeter Agriculture and Harvest
89%
Aphrodite Love and Beauty
89%
Zeus Sky and Thunder
86%
Hephaestus Blacksmiths and Metalworking
84%
Hermes Communication and Thieves
84%
Ares War and Bloodshed
84%
Dionysus Wine and Theater
84%
Athena Wisdom and War Strategy
84%
Hera Marriage and Women
81%
Apollo Sun and Prophecy
81%
Artemis Moon and Animals
76%
No matching quizzes found
Score Distribution
Percent of People with Each Score
Percentile by Number Answered
Your Score History
You have not taken this quiz